MARC

LEADER 00000nam0a2200000 4500
001 68605
005 20231031075021.0
035 |a (RuTPU)RU\TPU\book\73057 
090 |a 68605 
100 |a 20041007d1984 m y0rusy50 ca 
101 0 |a rus 
102 |a RU 
105 |a a z 001ay 
200 1 |a Драмы. Проза  |f А. С. Пушкин 
210 |a Москва  |c Советская Россия  |d 1984 
215 |a 352 с.  |c ил. 
600 1 |a Пушкин  |g Александр Сергеевич  |c русский писатель, поэт  |f 1799 - 1837  |b А. С.  |2 stltpui  |3 (RuTPU)RU\TPU\pers\1026 
610 1 |a русская литература 
610 1 |a классика 
610 1 |a драматургия 
610 1 |a драмы 
610 1 |a проза 
675 |a Р1  |v 3 
700 1 |a Пушкин  |b А. С.  |c русский писатель, поэт  |f 1799 - 1837  |g Александр Сергеевич  |2 stltpui  |3 (RuTPU)RU\TPU\pers\1026 
801 1 |a RU  |b 63413507  |c 20041007  |g PSBO 
801 2 |a RU  |b 63413507  |c 20050910  |g PSBO 
942 |c BK